Guess the Twice Member by Picture - Statistics

General Stats
  • This quiz has been taken 183 times
  • The average score is 8 of 9
Answer Stats
Picture Answer % Correct
Jihyo
97%
Nayeon
97%
Mina
95%
Momo
95%
Sana
95%
Tzuyu
90%
Dahyun
89%
Chaeyoung
88%
Jeongyeon
88%
No matching quizzes found
Score Distribution
Percent of People with Each Score
Percentile by Number Answered
Your Score History
You have not taken this quiz